00664cam a2200181 a 450000100100000000500170001000800410002704000250006808200250009310000280011824501180014625000110026426000610027530000280033650400740036465000280043865000160046600001972420260114102846.0100705s1974 mx a 000 0 spa d aDO-SdBNPbspacBNPHU a150.194bR485t, 19741 aRibes Iñesta, Emilio,10aTécnicas de modificación de conducta :bsu aplicación al retardo en el desarrollo /cEmilio Ribes Iñesta. a2a ed. aMéxico :bBiblioteca Técnica de Psicología,c1974. a262 p. :bil. ;c21 cm. aIncluye referencias bibliográficas y notas al pie de las páginas. 0aConducta (Psicología) 4aCreatividad